00532nam a22002057a 450000500170000001000110001702000070002803500110003503700160004604000120006208200200007410000170009424500480011124600060015926000430016527000520020830000200026065000280028065000180030820170124105918.0 a962219 c00 a962219 bCen Lib/Ret aDPLbEN a398.095412bDUG aDuggal, K.S. aFolk romances of punjab /cby K. S. Duggal  b  bMarwah Publications aNew Delhi c1979 bNew Delhi aH-39, green park extention e110016 a128p.c20cm(Hb) aFolkl Romances zPunjab aLove stories